Restore me / (Record no. 4128)

MARC details
000 -LEADER
fixed length control field 03221cam a2200757 i 4500
001 - CONTROL NUMBER
control field 4128
003 - CONTROL NUMBER IDENTIFIER
control field FISKH
005 - DATE AND TIME OF LATEST TRANSACTION
control field 20240607155907.0
008 - FIXED-LENGTH DATA ELEMENTS--GENERAL INFORMATION
fixed length control field 171129t20182018nyu d 000 1 eng d
010 ## - LIBRARY OF CONGRESS CONTROL NUMBER
LC control number 2017962481
020 ## - INTERNATIONAL STANDARD BOOK NUMBER
International Standard Book Number 9780062676368 (hardcover)
020 ## - INTERNATIONAL STANDARD BOOK NUMBER
International Standard Book Number 0062676369 (hardcover)
020 ## - INTERNATIONAL STANDARD BOOK NUMBER
International Standard Book Number 9780062836212 (special edition)
020 ## - INTERNATIONAL STANDARD BOOK NUMBER
International Standard Book Number 9780062841766 (special edition)
020 ## - INTERNATIONAL STANDARD BOOK NUMBER
International Standard Book Number 9780062676375
020 ## - INTERNATIONAL STANDARD BOOK NUMBER
International Standard Book Number 9780062820457 (special edition)
035 ## - SYSTEM CONTROL NUMBER
System control number (OCoLC)on1025333695
037 ## - SOURCE OF ACQUISITION
Source of stock number/acquisition Harpercollins Childrens Books, Attn Elaine Nealon 53 Glenmaura National Blvd Ste 300, Moosaic, PA, USA, 18507-2132
Note SAN 200-2086
040 ## - CATALOGING SOURCE
Original cataloging agency JBI
Language of cataloging eng
Transcribing agency JBI
Description conventions rda
Modifying agency OEL
-- MDB
-- JAG
-- CO2
-- CGP
-- IGA
-- OCLCO
-- TXLBH
-- VP@
-- D9M
-- ZHB
-- TOH
-- IUK
-- TXWAL
-- JTH
-- OCLCQ
-- AZT
-- OCLCO
-- YDX
-- EHH
-- JTH
-- OVY
-- IS#
-- BTCTA
-- BDX
-- CHILD
-- O2C
-- DLC
042 ## - AUTHENTICATION CODE
Authentication code lccopycat
050 00 - LIBRARY OF CONGRESS CALL NUMBER
Classification number PZ7.M2695
082 04 - DEWEY DECIMAL CLASSIFICATION NUMBER
Classification number 813.6
100 1# - MAIN ENTRY--PERSONAL NAME
Personal name Mafi, Tahereh,
245 10 - TITLE STATEMENT
Title Restore me /
Statement of responsibility, etc. Tahereh Mafi.
250 ## - EDITION STATEMENT
Edition statement First paperback edition, 2019
260 ## - PUBLICATION, DISTRIBUTION, ETC.
Place of publication, distribution, etc. New York :
Name of publisher, distributor, etc. Harper,
Date of publication, distribution, etc. 2018
300 ## - PHYSICAL DESCRIPTION
Extent 435, 14 pages :
Dimensions 21 cm.
336 ## - CONTENT TYPE
Content type term text
Content type code txt
Source rdacontent
337 ## - MEDIA TYPE
Media type term unmediated
Media type code n
Source rdamedia
338 ## - CARRIER TYPE
Carrier type term volume
Carrier type code nc
Source rdacarrier
490 1# - SERIES STATEMENT
Series statement Shatter Me
Volume/sequential designation Book 4
520 ## - SUMMARY, ETC.
Summary, etc. "It's been sixteen days since Juliette Ferrars killed the supreme commander of North America and took over as ruler of the Reestablishment on the continent ... Juliette thought she'd won. She took over sector 45 and now has Warner by her side. But she's still the girl with the ability to kill with a single touch--and with so much power in her young hands, the world is watching her every move, waiting to see what happens next."--Jacket.
650 #0 - SUBJECT ADDED ENTRY--TOPICAL TERM
Topical term or geographic name entry element Dictatorship
Form subdivision Juvenile fiction.
650 #0 - SUBJECT ADDED ENTRY--TOPICAL TERM
Topical term or geographic name entry element Government, Resistance to
Form subdivision Juvenile fiction.
650 #0 - SUBJECT ADDED ENTRY--TOPICAL TERM
Topical term or geographic name entry element Soldiers
Form subdivision Juvenile fiction.
650 #0 - SUBJECT ADDED ENTRY--TOPICAL TERM
Topical term or geographic name entry element Ability
Form subdivision Juvenile fiction.
650 #0 - SUBJECT ADDED ENTRY--TOPICAL TERM
Topical term or geographic name entry element Young adult fiction.
650 #1 - SUBJECT ADDED ENTRY--TOPICAL TERM
Topical term or geographic name entry element Ability
Form subdivision Fiction.
650 #1 - SUBJECT ADDED ENTRY--TOPICAL TERM
Topical term or geographic name entry element Soldiers
Form subdivision Fiction.
650 #1 - SUBJECT ADDED ENTRY--TOPICAL TERM
Topical term or geographic name entry element Dictatorship
Form subdivision Fiction.
650 #1 - SUBJECT ADDED ENTRY--TOPICAL TERM
Topical term or geographic name entry element Love
Form subdivision Fiction.
650 #1 - SUBJECT ADDED ENTRY--TOPICAL TERM
Topical term or geographic name entry element Science fiction.
650 #4 - SUBJECT ADDED ENTRY--TOPICAL TERM
Topical term or geographic name entry element LOVE
General subdivision Fiction.
650 #4 - SUBJECT ADDED ENTRY--TOPICAL TERM
Topical term or geographic name entry element Young adult fiction.
650 #4 - SUBJECT ADDED ENTRY--TOPICAL TERM
Topical term or geographic name entry element Dictatorship
Form subdivision Fiction.
650 #4 - SUBJECT ADDED ENTRY--TOPICAL TERM
Topical term or geographic name entry element Soldiers
Form subdivision Fiction.
650 #4 - SUBJECT ADDED ENTRY--TOPICAL TERM
Topical term or geographic name entry element Government, Resistance to
Form subdivision Fiction.
650 #7 - SUBJECT ADDED ENTRY--TOPICAL TERM
Topical term or geographic name entry element YOUNG ADULT FICTION
General subdivision Dystopian.
Source of heading or term bisacsh
650 #7 - SUBJECT ADDED ENTRY--TOPICAL TERM
Topical term or geographic name entry element YOUNG ADULT FICTION
General subdivision Romance
-- Paranormal.
Source of heading or term bisacsh
650 #7 - SUBJECT ADDED ENTRY--TOPICAL TERM
Topical term or geographic name entry element YOUNG ADULT FICTION
General subdivision Science Fiction.
Source of heading or term bisacsh
650 #7 - SUBJECT ADDED ENTRY--TOPICAL TERM
Topical term or geographic name entry element Dictatorship
Source of heading or term fast
Authority record control number or standard number (OCoLC)fst00892878
650 #7 - SUBJECT ADDED ENTRY--TOPICAL TERM
Topical term or geographic name entry element Government, Resistance to
Source of heading or term fast
Authority record control number or standard number (OCoLC)fst00945663
650 #7 - SUBJECT ADDED ENTRY--TOPICAL TERM
Topical term or geographic name entry element Dictatorship
Form subdivision Juvenile fiction.
Source of heading or term sears
650 #7 - SUBJECT ADDED ENTRY--TOPICAL TERM
Topical term or geographic name entry element Resistance to government
Form subdivision Juvenile fiction.
Source of heading or term sears
650 #7 - SUBJECT ADDED ENTRY--TOPICAL TERM
Topical term or geographic name entry element Soldiers
Form subdivision Juvenile fiction.
Source of heading or term sears
650 #7 - SUBJECT ADDED ENTRY--TOPICAL TERM
Topical term or geographic name entry element Ability
Form subdivision Juvenile fiction.
Source of heading or term sears
650 #7 - SUBJECT ADDED ENTRY--TOPICAL TERM
Topical term or geographic name entry element Dictatorship
Form subdivision Fiction.
Source of heading or term sears
650 #7 - SUBJECT ADDED ENTRY--TOPICAL TERM
Topical term or geographic name entry element Resistance to government
Form subdivision Fiction.
Source of heading or term sears
650 #7 - SUBJECT ADDED ENTRY--TOPICAL TERM
Topical term or geographic name entry element Soldiers
Form subdivision Fiction.
Source of heading or term sears
650 #7 - SUBJECT ADDED ENTRY--TOPICAL TERM
Topical term or geographic name entry element Ability
Form subdivision Fiction.
Source of heading or term sears
655 #7 - INDEX TERM--GENRE/FORM
Genre/form data or focus term Science fiction.
Source of term gsafd
655 #7 - INDEX TERM--GENRE/FORM
Genre/form data or focus term Science fiction.
Source of term lcgft
906 ## - LOCAL DATA ELEMENT F, LDF (RLIN)
a 7
b cbc
c copycat
d 2
e ncip
f 20
g y-gencatlg
942 ## - ADDED ENTRY ELEMENTS (KOHA)
Source of classification or shelving scheme Dewey Decimal Classification
Koha item type Books
Suppress in OPAC No
Holdings
Withdrawn status Lost status Source of classification or shelving scheme Damaged status Not for loan Collection Home library Current library Shelving location Date acquired Total Checkouts Full call number Barcode Date last seen Date last checked out Price effective from Koha item type
    Dewey Decimal Classification     Fiction Footprints International School Library Network Toul Kork Campus Footprints International School Library Network Toul Kork Campus TK New Addition Display Table 06/07/2024 1 MAF 813.6 PZ7.M2695 2024-0850 11/20/2024 11/08/2024 06/07/2024 Books